000 00382nam a2200157Ia 4500
008 230917s9999||||xx |||||||||||||| ||und||
040 _e87772
_aMAIN
041 _aEnglish
082 _a005.43 P183G
100 _aPalmer, Michael
245 0 _aGuide to operating systems
250 _a2nd ed.
260 _aSingapore
_bThomson Learning
_c2002
300 _a608 p.
942 _cBK
999 _c115826
_d115826